| 000 | 00440nam a22001577a 4500 | ||
|---|---|---|---|
| 999 |
_c10617 _d10617 |
||
| 003 | OSt | ||
| 008 | 210408b ||||| |||| 00| 0 eng d | ||
| 020 | _a8174730257 | ||
| 082 | _a428 LEE | ||
| 100 | _aLONG,William J | ||
| 245 | _aEnglish Literature its history and its Significance for the life of the english Speaking world | ||
| 260 |
_aNew Delhi _bAITBS Publishers _c2021 |
||
| 300 | _a636 | ||
| 650 | _aBAENGHON | ||
| 942 |
_2ddc _cBK _015 |
||